Germ-line gene editing: what are the social and moral risks? (Record n. 336468)

Dettagli MARC
000 -LEADER
campo di controllo lung. fissa nam a22 7a 4500
003 - Identificatore del numero di controllo
campo di controllo IT-MiCISF
005 - Data e orario dell'ultima transazione
campo di controllo 20170302163256.0
008 - Elementi di lunghezza fissa--Informazione generale
campo di controllo lung. fissa 170302b xxu||||| |||| 00| 0 eng d
040 ## - Fonte della catalogazione
Agenzia catalografica originale IT-MiCISF
Agenzia che fa la trascrizione IT-MiCISF
041 ## - Codice di lingua
Codice di lingua del testo/traccia sonora o titolo separato it
100 ## - Accesso principale -- nome di persona
Nome di persona Sutton Agneta
9 (RLIN) 56226
210 ## - Titolo abbreviato
Titolo abbreviato Medicina e morale
222 ## - Titolo chiave
Titolo chiave 00257834
245 ## - Formulazione del titolo
Titolo Germ-line gene editing: what are the social and moral risks?
260 ## - Pubblicazione, distribuzione, ecc. (stampa)
Data di pubblicazione, distribuzione, ecc. 2016
300 ## - Descrizione fisica
Estensione pp. 123-130
310 ## - Periodicità corrente della pubblicazione
Periodicità corrente della pubblicazione bimestrale
500 ## - Nota generale
Nota generale bioetica, genetica
650 ## - Accesso aggiunto di soggetto--termine topico
Termine topico o nome geografico come accesso bioetica
9 (RLIN) 56169
654 ## - Accesso aggiunto di soggetto--termini topici faccettati
Termine principale articolo
942 ## - Dati aggiuntivi (Koha)
Fonte della classificazione o dello schema di collocazione (segnatura) Dewey Decimal Classification
Tipo copia default (Koha) RIVISTA
Dati di copia
Ritirato (status) Perso (status) Fonte della classificazione o dello schema di collocazione (segnatura) Danneggiato (status) Non per il presito Biblioteca proprietaria Biblioteca in cui si trova Data d'acquisizione Totale prestiti Collocazione Data ultima operazione Prezzo in vigore dal Tipo copia default (Koha)
    Dewey Decimal Classification Buone Condizioni Not For Loan CISF - Milano CISF - Milano 02/03/2017   A07/R086 02/03/2017 02/03/2017 RIVISTA
CREDITS: SOCIETA' SAN PAOLO Via A.Severo, 58 - ROMA (RM) & PERIODICI SAN PAOLO SRL Via Giotto, 36 MILANO & CISF Via Giotto, 36 MILANO & EDIZIONI SAN PAOLO SRL,  Piazza Soncino, 5 CINISELLO BALSAMO (MI) -- ITALY